Применение осциллографической полярографии для количественного определения титана: отдельный оттиск

מידע ביבליוגרפי
מחבר ראשי: Гохштейн Я. П.
מחברים אחרים: Синякова С. И., Юхтанова В. Д.
שפה:רוסית
יצא לאור: Москва, [Б. и.], 1954
סדרה:Журнал аналитической химии Т. 9, вып. 5
נושאים:
פורמט: ספר
KOHA link:https://koha.lib.tpu.ru/cgi-bin/koha/opac-detail.pl?biblionumber=335122

MARC

LEADER 00000nam0a2200000 4500
001 335122
005 20231102004725.0
035 |a (RuTPU)RU\TPU\book\361453 
090 |a 335122 
100 |a 20170914d1954 k y0rusy50 ca 
101 0 |a rus 
102 |a RU 
105 |a a z 001zy 
200 1 |a Применение осциллографической полярографии для количественного определения титана  |e отдельный оттиск  |f Я. П. Гохштейн, С. И. Синякова, В. Д. Юхтанова 
210 |a Москва  |c [Б. и.]  |d 1954 
215 |a 12 с.  |c ил. 
225 1 |a Журнал аналитической химии  |v Т. 9, вып. 5 
320 |a Библиогр. в конце ст. 
606 1 |a Электрохимический анализ  |2 stltpush  |3 (RuTPU)RU\TPU\subj\21012  |9 46064 
610 1 |a оттиски 
610 1 |a библиотека А. Г. Стромберга 
610 1 |a титан 
610 1 |a количественное определение 
610 1 |a осциллографическая полярография 
675 |a 543.55  |v 4 
700 1 |a Гохштейн  |b Я. П. 
701 1 |a Синякова  |b С. И. 
701 1 |a Юхтанова  |b В. Д. 
801 1 |a RU  |b 63413507  |c 20170914 
801 2 |a RU  |b 63413507  |c 20171109  |g RCR 
942 |c BK